|
|
|
|
| LEADER |
00000nab a2200000 a 4500 |
| 001 |
vtls000663419 |
| 003 |
SK-MaSNL |
| 005 |
20260304090521.0 |
| 008 |
250425c1998 xo 0 slo |
| 015 |
|
|
|a SNBRB1998/05-13139
|
| 035 |
|
|
|a CLN000015605
|
| 035 |
|
|
|a urn:nbn:sk:snk-ab351n
|
| 035 |
|
|
|a (urnnbn)urn:nbn:sk:snk:ar-a064ep
|
| 035 |
|
|
|a (uuid)0849be60-737f-4966-89eb-e9c6b4c0fcd8
|
| 040 |
|
|
|a SNKBUCL
|b slo
|c SNKBUCL
|e AACR2
|
| 041 |
0 |
|
|a slo
|
| 044 |
|
|
|a xo
|c SK
|
| 080 |
|
|
|a 616.24-006-089
|2 1997
|
| 100 |
1 |
|
|a Rindoš, Rudolf
|4 aut
|9 1113005
|
| 245 |
1 |
0 |
|a Karcinoid pľúc - naše skúsenosti s chirurgickou liečbou
|c Rudolf Rindoš, Julian Hamžík
|
| 300 |
|
|
|b Tab.
|
| 504 |
|
|
|a Res. angl., slov. Bibliogr. odkazy
|
| 650 |
0 |
7 |
|a pľúca
|x karcinoid
|x chirurgia
|2 snkbucl
|9 1381699
|
| 650 |
0 |
7 |
|a karcinoid
|x pľúca
|x chirurgia
|2 snkbucl
|9 1381700
|
| 655 |
|
7 |
|a články z novín a časopisov
|2 snkbucl
|9 267496
|
| 700 |
1 |
|
|a Hamžík, Julián
|4 aut
|9 12063
|
| 773 |
0 |
|
|t Studia pneumologica et phthiseologica
|g Roč. 58, č. 2 (1998), s. 66-67
|x 0371-2222
|
| 850 |
|
|
|a Slovenská národná knižnica
|
| 852 |
|
|
|a Slovenská národná knižnica
|
| 954 |
|
|
|a odborná, vedecká literatúra pôvodná (slovenská)
|2 lita
|
| 958 |
|
|
|a article27
|
| 958 |
|
|
|a NB
|
| 958 |
|
|
|a OND
|
| 958 |
|
|
|a EUIPO
|
| 999 |
|
|
|c 2811704
|d 2813634
|